| 000 | 00421nam a2200157 a 4500 | ||
|---|---|---|---|
| 005 | 20140412111224.0 | ||
| 008 | 100122s19uu xx 00 eng d | ||
| 020 | _a0-7460-6910-3 | ||
| 050 |
_aM 809 _bW65 2003 |
||
| 100 | _aWilkes, Angela | ||
| 245 |
_aThe Adventures of King Arthur / _cAngela Wilkes. |
||
| 260 |
_aEngland : _bUsborne pub, _c2003. |
||
| 300 | _a64p. | ||
| 650 |
_aLiterature- _xGreek |
||
| 999 |
_c101991 _d101991 |
||